书目信息 |
| 书名: | Euclidean and non-Euclidean geometries | |
| 作者: | Marvin Jay Greenberg. | |
| 分册号: | ||
| 分册名: | 出版地: | San Francisco : |
|
| 出版社: | W. H. Freeman | |
| 出版时间: | c1980. | |
| 页数: | xv, 400 p. : | |
| 开本: | 25 cm. | |
| 丛书名: | ||
| 中图分类号: | ||
| 科图分类号: | ||
| 其他分类号: | O184:H31 | |
| 主题词: | ||
| 电子资源: | ||
| 000 | 01069nam 2200325 a 4500 | |
| 001 | E0759581420 | |
| 005 | 20070303104904.56 | |
| 008 | 00110 eng | |
| 008 | uu | |
| 010 | @a79019348 | |
| 020 | @a0716711036 :@cCNY2.20. | |
| 049 | @aN5LA | |
| 050 | 0 | @aQA445 @b.G84 1980 |
| 082 | @a516/.2 | |
| 090 | @a2/O184/GMJ/ 1980//////////*960866/67/2cop. | |
| 090 | @aO184:H31 | |
| 096 | @aO184 @v2 | |
| 099 | @dO184:H31@ex42 | |
| 100 | 10 | @aGreenberg, Marvin J. |
| 245 | 10 | @aEuclidean and non-Euclidean geometries :@bdevelopment and history / @cMarvin Jay Greenberg. |
| 250 | @a2d ed. | |
| 260 | 0 | @aSan Francisco :@bW. H. Freeman,@cc1980. |
| 300 | @axv, 400 p. :@bill. ;@c25 cm. | |
| 500 | @aIncludes indexes. | |
| 504 | @aBibliography: p. [386]-389. | |
| 650 | 0 | @aGeometry. |
| 650 | 0 | @aGeometry, Non-Euclidean @xHistory. @b00 @c20020930 @lNLC09 @h2248 @b00 @c20021117 @lNLC09 @h1126 @lNLC09 @h2318 @lNLC09 @h1909 |
| 650 | 0 | @aGeometry @xHistory. |
| 650 | 0 | @aGeometry, Non-Euclidean. |
| 852 | 9 | @bWWJC @cJ08S @k2 @hO184 @iGMJ/1980 |
| Euclidean and non-Euclidean geometries : : development and history / / Marvin Jay Greenberg.-2d ed.-San Francisco : : W. H. Freeman, , c1980. |
| xv, 400 p. : : ill. ; ; 25 cm. |
| Includes indexes.-Bibliography: p. [386]-389. |
| ISBN 0716711036 :CNY2.20. |
| ● |
| 相关链接 |
|
|
|
|
正题名:Euclidean and non-Euclidean geometries
索取号:O184:H31/x42
 
预约/预借
| 序号 | 登录号 | 条形码 | 馆藏地/架位号 | 状态 | 备注 |
| 1 | 61706 | 000453538 | 第四借阅区/ [索取号:O184:H31/x42] | 在馆 | |
| 2 | 61707 | 202461709 | 第四借阅区/ [索取号:O184:H31/x42] | 在馆 |